| 000 | 00523nam a2200205Ia 4500 | ||
|---|---|---|---|
| 005 | 20250923150410.0 | ||
| 008 | 008 250917s9999 xx 000 0 eng d | ||
| 037 | _aTextual | ||
| 040 |
_aDSWL _beng _cDSWL |
||
| 041 |
_aeng _2eng |
||
| 084 | _qDSWL | ||
| 100 |
_aRao, Srinivasa V _9845526 |
||
| 245 | 0 |
_aDisadvantange tribes of India _cby Srinivasa V Rao |
|
| 260 |
_aNew Delhi _b Rawat Pub. _c2021 |
||
| 300 | _a353 p. | ||
| 365 |
_aINR _b1495 |
||
| 925 | _g1495 | ||
| 942 | _cTEXL | ||
| 999 |
_c1463026 _d1463026 |
||